| Tag |
First Indicator |
Second Indicator |
Subfields |
| LEADER |
00000cam a2200000 i 4500 |
| 001 |
in00005470310 |
| 003 |
OCoLC |
| 005 |
20250514142422.4 |
| 008 |
231215t20242024enk b 001 0 eng d |
| 035 |
|
|
|a (OCoLC)1414162943
|
| 040 |
|
|
|a YDX
|e rda
|c YDX
|d COO
|d BWK
|
| 020 |
|
|
|a 1526149850
|q hardcover
|
| 020 |
|
|
|a 9781526149855
|q hardcover
|
| 050 |
|
4 |
|a PR428.M35
|b W37 2024
|
| 082 |
0 |
|
|a 820.935509024
|2 23
|
| 100 |
1 |
|
|a Wareh, Patricia,
|e author.
|
| 245 |
1 |
0 |
|a Courteous exchanges :
|b Spenser's and Shakespeare's gentle dialogues with readers and audiences /
|c Patricia Wareh.
|
| 264 |
|
1 |
|a Manchester :
|b Manchester University Press,
|c [2024].
|
| 264 |
|
4 |
|c ©2024.
|
| 300 |
|
|
|a viii, 278 pages ;
|c 23 cm.
|
| 336 |
|
|
|a text
|b txt
|2 rdacontent
|
| 337 |
|
|
|a unmediated
|b n
|2 rdamedia
|
| 338 |
|
|
|a volume
|b nc
|2 rdacarrier
|
| 490 |
1 |
|
|a Manchester Spenser
|
| 504 |
|
|
|a Includes bibliographical references (pages [252]-272) and index.
|
| 520 |
|
|
|a Courteous Exchanges explores the significant overlap between Edmund Spenser’s Faerie Queene and Shakespeare’s plays, showing how both facilitate the critique of Renaissance aristocratic identity. Moving from a consideration of Castiglione’s Book of the Courtier as a text that encouraged reader engagement, the book offers new readings of Shakespeare’s plays in conjunction with Spenser. It pairs Love’s Labour’s Lost, Much Ado About Nothing, The Merchant of Venice and The Winter’s Tale with The Faerie Queene in order to explore how topics such as education, gender, religion, race and aristocratic identity are offered up to reader and audience interpretation.
|
| 600 |
1 |
0 |
|a Shakespeare, William,
|d 1564-1616
|x Criticism and interpretation.
|
| 600 |
1 |
0 |
|a Spenser, Edmund,
|d 1552?-1599
|x Criticism and interpretation.
|
| 650 |
|
0 |
|a English drama
|y Early modern and Elizabethan, 1500-1600
|x History and criticism.
|
| 650 |
|
0 |
|a Courtesy in literature.
|
| 830 |
|
0 |
|a Manchester Spenser.
|
| 945 |
|
|
|b 173118
|
| 947 |
|
|
|a A14851342031
|
| 948 |
|
|
|a dmitchel 5/14/25 9.20.10
|
| 980 |
|
|
|b print
|c 40032399830
|f NONFIC/B
|g 565714
|k USD
|m 104.00
|q 1
|s AcqMono Conventional
|t Approval plan
|u Vendor order reference number
|v ZYBP
|y Print approval
|z Physical resource
|
| 999 |
f |
f |
|i 7128ef4f-036b-42e8-b698-1a7dbb85089b
|s f81409b4-a8d3-44b5-99f9-65ca3284360d
|t 0
|
| 952 |
f |
f |
|p normal
|a Texas A&M University
|b College Station
|c Sterling C. Evans Library
|d Evans: Library Stacks
|t 0
|e PR428.M35 W37 2024
|h Library of Congress classification
|i unmediated -- volume
|m A14851342031
|
| 998 |
f |
f |
|a PR428.M35 W37 2024
|t 0
|l Evans: Library Stacks
|